History Quiz

Random History or Politics Quiz

Ancient Rome Sorting Gallery Quiz Stats

 Plays Quiz Updated Feb 6, 2018

Challenge
Share
Tweet
Embed
Score 0/55 Timer 10:00
2 Plays Today
% Correct
Apollo
97.2%
Juno
94.7%
Augustus
92.2%
Minerva
91.2%
Claudius
90.7%
Saturn
90.3%
Diana
90%
Caligula
89.4%
Vulcan
86.5%
Colosseum
85.5%
Janus
85.2%
Hadrian
84.7%
Toga
83.9%
Senator
78.9%
Consul
77.8%
Praetor
76.3%
Atrium
76.2%
Vesta
75.5%
Censor
75%
Teutoburg Forest
72.4%
Capitoline
72.2%
Palatine
70.6%
Commodus
70.5%
Aventine
69.7%
Quaestor
68.6%
Trajan
67.8%
Tribune
66.5%
Diocletian
66.1%
% Correct
Esquiline
65.2%
Pontifex
64.1%
Sol
62.1%
Ballista
61.8%
Cubiculum
61%
Actium
59.1%
Provocator
58%
Cannae
55.2%
Bestiarius
54.8%
Stola
53.2%
Gladius
50.9%
Philippi
46.5%
Tablinum
46.1%
Quirinal
45.6%
Viminal
44.8%
Caelian
44.1%
Pilum
43.6%
Retiarius
43.4%
Thracian
42.9%
Triclinium
42.5%
Caracalla
41.4%
Hoplomachus
41.1%
Alesia
35.3%
Nerva
34.6%
Pomona
34.4%
Murmillo
31.2%
Aedile
29.3%

You're not logged in!

Compare scores with friends on all Sporcle quizzes.
Join for Free
OR
Log In

You Might Also Like...

Show Comments

Extras

Top Quizzes Today


Score Distribution

Your Account Isn't Verified!

In order to create a playlist on Sporcle, you need to verify the email address you used during registration. Go to your Sporcle Settings to finish the process.

Report this User

Report this user for behavior that violates our Community Guidelines.

Details: